Normal view
MARC view
Entry Topical Term
001 - CONTROL NUMBER
- control field: 49128
003 - CONTROL NUMBER IDENTIFIER
- control field: ARRUPE
005 - DATE AND TIME OF LATEST TRANSACTION
- control field: 20200129102311.0
008 - FIXED-LENGTH DATA ELEMENTS
- fixed length control field: 200129|| aca||aabn | a|a d
040 ## - CATALOGING SOURCE
- Original cataloging agency: ARRUPE
- Transcribing agency: ARRUPE
150 ## - HEADING--TOPICAL TERM
- Topical term or geographic name as entry element: Princesses
- Geographic subdivision: Germany
- Geographic subdivision: Prussia
- General subdivision: Correspondence.
670 ## - SOURCE DATA FOUND
- Source citation: Work cat.: (ARRUPE)0: Victoria, Queen of Great Britain, 1819-1901. 48982, Dearest Mama:, 1968.